000 00777cam a22002657a 4500
003 CHAP
005 20220329140840.0
008 971013s1962 r 00010 d
010 _a58586
011 _a59558
035 _a63717
040 _cCHAP
082 _a631.82
_bS83
100 0 0 _aSwaine, D. J.
_9110842
245 1 4 _aThe trace-element content of fertilizers
260 _aFarnham Royal :
_bCommonwealth Agricultural Bureaux,
_c1962
300 _a306 p.
590 _aBATCH-UPD
_b10
_c20130110
_lUCH01
_h0520
590 _aCONVERSION
_b10
_c20130109
_lUCH01
_h1331
650 1 4 _aElementos menores.
_936257
650 1 4 _aFertilizantes minerales.
_940595
901 _aBK
942 _cLIBRO
949 _a631.82 S83
_bBC
_cLIBRO
_d33724002202785
_eLIBRO
_h21996
_i63717
_si
999 _c58586
_d58586